00855nam a2200265 a 4500001001300000003000900013005001700022008004100039020001000080082001400090100001800104245003400122260003000156300000900186500003500195505001300230650001600243700001800259902000800277942000700285952009400292952009400386952009400480999001500574nice12345678IN_TiNIC20260116011417.0050524s1926 laha grp 000 0 urd  ac10000a239bGHU3 aGhulam, Masih aHamari Bible Aur Muslim Ulema aLahorebNoor Afshanc1926 a200p aincludes index and biblioraphy2 aArchives aApologetics1 aGhulam, Masih bSRS cBK 00104070aHMIbHMId2016-04-15g100.00l0o239 GHU3p4331r0000-00-00w2026-01-16yARB 00104070aHMIbHMId2016-04-15g100.00l0o239 GHU3p7454r0000-00-00w2026-01-16yARB 00104070aHMIbHMId2016-04-15g100.00l0o239 GHU3p8427r0000-00-00w2026-01-16yARB c1284d1284